| 000 | 00670nam a2200217 a 4500 | ||
|---|---|---|---|
| 001 | BRCA_8152 | ||
| 005 | 20190320210144.0 | ||
| 008 | 300414s1929----gw-a###f##---#001-0#ger-# | ||
| 041 | _ager | ||
| 044 | _agw | ||
| 050 | 4 |
_aNK9764 _b.F85 _c1929 |
|
| 100 | 1 |
_aFutterer, Ilse _920315 |
|
| 245 | 1 | 0 |
_aDie holzbildnerei der deutschen schweiz im 14 jahrhundert _cVorgelegt von Ilse Futterer ; angenommen auf antrag von herrn Josef Zemp. |
| 260 |
_aHasburgo _bBenno Filser _c1929 |
||
| 300 |
_a64 p. _c27 cm. |
||
| 500 | _aX36 | ||
| 650 | 1 | 4 |
_aMadera _vArtistas y talladores _zSuiza _920316 |
| 651 | 4 |
_aSuiza _vArtistas _zSuiza alemana _920317 |
|
| 902 | _aGFM | ||
| 942 |
_2lcc _cB |
||
| 999 |
_c7820 _d7820 |
||